000
00426nam a2200145Ia 4500
008
100204s9999 xx 000 0 und d
082
_b
18835
100
_a
तेंडुलकर प्रिया
245
_a
असंही
260
_b
"डिंंप्ंाल पब्लिकेशन, ठाणे"
_c
1996
300
_a
158
630
_a
असंही
730
_a
असंही
942
_c
BOOK
999
_c
463258
_d
463255